| 000 | 01663cam a22004214i 4500 | ||
|---|---|---|---|
| 003 | PE-LiUPU | ||
| 005 | 20260203114409.0 | ||
| 008 | 150623s r 000 0 d | ||
| 035 | _a(Sirsi) a27036 | ||
| 040 |
_aPE-LiUPU _bspa _cPE-LiUPU _erda |
||
| 082 | 0 | 4 |
_a263.1 _bL54 _221 |
| 100 | 1 |
_aLewis, Richard Burton, _d1906 -, _eautor. |
|
| 245 | 1 | 4 |
_aThe protestant dilemma / _cRichard Burton Lewis. |
| 264 | 1 |
_aMountain View, California : _bPacific Press Publishing Association, _c1961. |
|
| 300 |
_a96 páginas ; _c18 cm. |
||
| 336 |
_atext _2rdacontent |
||
| 337 |
_aunmediated _2rdamedia |
||
| 338 |
_avolume _2rdacarrier |
||
| 505 | 0 | _aThe dilemma. The laws of Israel. When Grace came. Is the Sabbath ceremonial?. Sunday in the New Testament. Ignatius and the Lord's day. The fathers misrepresented. What the fathers said. Inconsistencies. Who are the legalists?. Christians without law. The conclusion. | |
| 526 | _aSEG42 | ||
| 526 | _aSEG41 | ||
| 526 | _aSEG40 | ||
| 526 | _aSEG39 | ||
| 526 | _aP94 | ||
| 526 | _aP87 | ||
| 526 | _aP86 | ||
| 526 | _aP85 | ||
| 526 | _aP77 | ||
| 526 | _aP76 | ||
| 526 | _aP35 | ||
| 610 | 2 |
_aIASD _xDoctrinas. |
|
| 650 | 0 | 0 |
_aSabado _xObservancia cristiana _vRelatos testimoniales _9627 |
| 942 |
_2ddc _cBOOK |
||
| 949 |
_a263.1 L54 _wDEWEY _c1 _i52313 _lCCODEBUL1 _mBUL _p2.00 _r0 _sY _tBOOK _u2015-06-24 _xTEOLOGIA _PP35 _0COMPRA _o.STAFF. Colección General |
||
| 596 | _a1 | ||
| 999 |
_a263.1 L54 _wDEWEY _c34133 _i52313 _f2021-11-10 _g5 _lCCODEBUL1 _mBUL _p2.00 _r0 _sY _tBOOK _u2015-6-24 _xTEOLOGIA _PP35 _0COMPRA _o.STAFF. Colección General _d34133 |
||
| 980 |
_818226 _gJaime Vilcazán Jefe de Análisis Documental |
||